| 000 | 00687cam a2200205 i 4500 | ||
|---|---|---|---|
| 999 |
_c733 _d733 |
||
| 001 | 15702 | ||
| 003 | BD-DhUAP | ||
| 005 | 20200127124246.0 | ||
| 008 | 200127s2009 ii a 000 0 eng | ||
| 020 | _a9788189659080 | ||
| 040 |
_aDLC _bEng _eBD-DhUAP _cBD-DhUAP _dBD-DhUAP |
||
| 082 | 0 | 0 |
_a341.48520954 IND _223 |
| 245 | 1 | 0 |
_aIndigenous peoples and human rights : _bthe quest for justice / _cedited by Subhram Rajkhowa and Manik Chakraborty. |
| 250 | _a1st ed. | ||
| 264 | 1 |
_aOxford ; _bR. Cambray & Co. Private Ltd., _cc2009. |
|
| 300 |
_a[16], 363 pages : _billustrations ; _c25 cm. |
||
| 650 | 0 |
_aIndigenous peoples _xLegal status, laws, etc. |
|
| 650 | 0 | _aHuman rights. | |
| 942 |
_2ddc _cBK |
||